Paroles "Sous les apparences" - Encanto (Disney) - Statistiques

Statistiques générales
  • Ce quiz a été pris 9 fois
  • Le résultat moyen est 238 sur 441
Statistiques - réponses
Chanteur Paroles % Correct
à
100%
de
100%
Luisa Je
100%
je
100%
l'
100%
la
100%
La
100%
Le
100%
le
100%
un
100%
Un
100%
apparences
83%
les
83%
Les
83%
ma
83%
pression
83%
Pression
83%
que
83%
Sous
83%
bombe
67%
bombe,
67%
Ça
67%
ça
67%
ce
67%
ces
67%
comme
67%
en
67%
fait
67%
qui
67%
Qui
67%
sa
67%
Sans
67%
sans
67%
si
67%
Si
67%
suis
67%
une
67%
bruit
50%
c'est
50%
C'est
50%
chance
50%
chance ?
50%
clic,
50%
clic
50%
coeur
50%
d'une
50%
envie
50%
Et
50%
et
50%
face
50%
faire
50%
fort
50%
grand
50%
J'ai
50%
j'ai
50%
Laisse
50%
mais
50%
Mais
50%
me
50%
n'a
50%
oh
50%
On
50%
peur,
50%
peur
50%
poids
50%
ressens
50%
roche,
50%
s'écroule
50%
sens
50%
serais
50%
soeur
50%
sol
50%
solide
50%
sont
50%
ta
50%
te
50%
tic,
50%
tic
50%
ton
50%
veux
50%
attention
33%
avait
33%
avance
33%
avec
33%
Avoir
33%
bien
33%
bip,
33%
bip
33%
Cerbère
33%
cette
33%
chaque
33%
compétence
33%
confiance
33%
cuire
33%
demander
33%
d'exister
33%
domino
33%
dure
33%
équilibriste
33%
être
33%
famille,
33%
fois
33%
force,
33%
force ?
33%
gouttes
33%
grande
33%
hauteur
33%
hercule
33%
immense
33%
indestructible
33%
même
33%
mes
33%
moi
33%
mon
33%
n'ai
33%
ou
33%
paraît
33%
pas
33%
perds
33%
peux
33%
plus
33%
porter
33%
pour
33%
Pour
33%
pu
33%
quand
33%
qu'une
33%
seule
33%
tombent,
33%
tomber
33%
tous
33%
tout
33%
Toutes
33%
toutes
33%
très
33%
violence
33%
vite,
33%
vite
33%
vraie
33%
aurais
17%
aurait
17%
autres
17%
avant
17%
bateau
17%
bulldozer,
17%
car
17%
commence
17%
craque,
17%
dérape,
17%
détente ?
17%
détruit,
17%
deux
17%
douleur
17%
empires
17%
encaisser
17%
encore
17%
essaye
17%
exigences
17%
explosion
17%
grandit,
17%
guerre
17%
ignorant
17%
ils
17%
j'aide
17%
joie
17%
l'énorme
17%
l'honneur
17%
l'iceberg
17%
machine
17%
maison
17%
meilleure
17%
métaux
17%
missions
17%
montagnes,
17%
nerveuse
17%
nous
17%
Oui
17%
pénibles
17%
pesant
17%
place
17%
plier
17%
plomb,
17%
précieux
17%
problème
17%
retenir
17%
rôle,
17%
s'effondrent
17%
souffle
17%
soulève
17%
sourire
17%
t'écraser
17%
telles
17%
vent
17%
vivions
17%
vrac
17%
angoisses
0%
arrivent
0%
attentes
0%
cassent
0%
écorce ?
0%
envahit
0%
Ferais
0%
gérer
0%
m'échappe
0%
m'écrouler,
0%
Rester
0%
tenir
0%
Aucun quiz correspondant
Distribution des résultats
% des personnes avec chaque résultat
Percentile par nombre de réponses
Votre historique - résultats
Vous n’avez pas pris ce quiz